000 00606nam a2200217 a 4500
999 _c5730
_d5730
001 5730
003 BD-JhCC
005 20180103180006.0
008 171220s2016 bg a|||| || | 000 0 eng d
035 _a(BD-JhCC)5730
040 _aBD-JhCC
_dBD-JhCC
041 _aeng
082 _a530
_bJALAL 2016
100 _aJalal, A. B. M. Shah
245 _aPhysics Second Paper Eleven-Twelve Classes :
_bwith creative structured questions /
_c A. B. M. Shah Jalal,
260 _aDhaka :
_bBarnamala Prokashani,
_c2016.
300 _a615 p. :
_c24 cm.
650 _aPhysics
942 _2ddc
_cBK